Postavenie SR v rámci V4 po vstupe do Európskej únie bakalárska práca

Gespeichert in:
Bibliographische Detailangaben
1. Verfasser: Šrámková, Soňa
Körperschaft: Fakulta medzinárodných vzťahov EU. Katedra medzinárodných politických vzťahov
Weitere Verfasser: Rusiňák, Peter, 1985-
Format: Buch
Sprache:Slowakisch
Veröffentlicht: Bratislava 2012
Tags: Tag hinzufügen
Keine Tags, Fügen Sie das erste Tag hinzu!

MARC

LEADER 00000nbm a2200000 4500
001 0165466
005 20161016115018.1
041 0 |a slo 
044 |a SK 
245 1 0 |a Postavenie SR v rámci V4 po vstupe do Európskej únie  |b bakalárska práca  |c Soňa Šrámková ; školiteľ: Peter Rusiňák 
264 1 |a Bratislava  |c 2012 
300 |a 34 s. 
100 1 |a Šrámková, Soňa 
700 1 |a Rusiňák, Peter, 1985- 
710 2 |a Fakulta medzinárodných vzťahov EU. Katedra medzinárodných politických vzťahov